NBA 2025 off season! 20 best free agent signings - Statistics

General Stats
  • This quiz has been taken 29 times
  • The average score is 9 of 20
Answer Stats
player contract team % Correct
Damian Lillard three-year 42 million Trailblazers
95%
Myles Turner four-year 107 million Bucks
80%
Al Horford two-year 11.6 million Warriors
60%
Bradley Beal two-year 11 million Clippers
60%
Chris Paul one-year 3.5 million Clippers
55%
Deandre Ayton two-year 16 million Lakers
50%
Jordan Clarkson one-year 3.6 million Knicks
50%
Dorian Finney-Smith four-year 53 million Rockets
45%
Luke Kornet four-year 41 million Spurs
45%
Bruce Brown Jr one-year 3 million Nuggets
40%
Clint Capela three-year 21.5 million Rockets
40%
Guerschon Yabusele two-year 12 million Knicks
40%
Marcus Smart two-year 11 million Lakers
35%
D'Angelo Russell two-year 13 million Mavericks
30%
Nickeil Alexander-Walker four-year 62 million Hawks
30%
Tim Hardaway Jr one-year 3.6 million Nuggets
30%
Dennis Schroder three-year 45 million Kings
25%
Caris LeVert two-year 29 million Pistons
20%
Thomas Bryant one-year 3 million Cavaliers
20%
Kevon Looney two-year 16 million Pelicans
15%
No matching quizzes found
Score Distribution
Percent of People with Each Score
Percentile by Number Answered
Your Score History
You have not taken this quiz